000 00867cam a2200277 i 4500
001 2271962
003 ARRUPE
005 20220517090722.0
008 780426s1977 enka b 001 0 eng
010 _a 78346101
015 _aGB***
020 _a0631183000 :
_c£10.00
040 _aDLC
_cDLC
_dDLC
043 _ae-uk---
050 0 0 _aDA125.A1
_bB45
082 0 0 _a301.45/1/0941
245 0 0 _aBetween two cultures :
_bmigrants and minorities in Britain /
_cedited by James L. Watson.
260 _aOxford [Eng.] :
_bB. Blackwell,
_cc1977.
300 _aviii, 338 p. :
_bill. ;
_c23 cm.
504 _aIncludes bibliographies and index.
650 0 _aMinorities
_zGreat Britain.
_951601
650 0 _aImmigrants
_zGreat Britain.
_951602
700 1 _aWatson, James L.
_951603
906 _a7
_bcbc
_corignew
_d3
_encip
_f19
_gy-gencatlg
942 _2lcc
_cMONOGRAPH
999 _c131432
_d131432